Laddar...

Essentials of grammar and composition

Bibliografiska uppgifter
Huvudupphovsman: Leggett, Glenn
Materialtyp: Printed Book
Språk:English
Publicerad: New Delhi : prentice hall of India , c1988.
LEADER 00473nam a22001337a 4500
008 130711b xxu||||| |||| 00| 0 eng d
020 |a 0876921861 
100 |a Leggett, Glenn 
245 |a Essentials of grammar and composition 
260 |a New Delhi :  |b prentice hall of India ,  |c c1988. 
300 |b 516p. 
942 |c BK 
999 |c 196390  |d 196390 
952 |0 0  |1 0  |4 0  |6 425_000000000000000_LEG_E  |7 0  |9 217019  |a ENG  |b ENG  |c ST1  |d 2013-07-11  |i 13803  |l 0  |o 425 LEG/E  |p ENG13803  |r 2013-07-11  |w 2018-08-21  |y BK